| 000 | 00717nam a2200181 a 4500 | ||
|---|---|---|---|
| 008 | 071025s1999 ||||||||||||||||| || u | ||
| 020 | _a0821344889 | ||
| 050 | _aIBRD(06)LACS/1999/4 | ||
| 100 | _aYermo, Juan | ||
| 245 | 1 | 0 | _aDo investment regulations compromise pension fund performance?: evidence from Latin America |
| 260 |
_aWashington, D.C. _bWorld Bank _c1999 |
||
| 350 | _a0.00 | ||
| 490 | _aWorld Bank Latin American and Caribbean studies | ||
| 650 | _aPENSION TRUSTS--LATIN AMERICA | ||
| 700 | _aSrinivas, P. S | ||
| 710 | _aWorld Bank | ||
| 995 |
_D0.00 _FCBU-MAIN LIBRARY (Kitwe) _H1 _I0.00 _M1 _UAVAILABLE _WOct 25, 2007 _ZInternational Publications |
||
| 999 |
_c40372 _d40372 |
||